Famous Gordons Quiz Stats

Quiz Updated Jan 13, 2012

Also try: Famous Johns
Challenge
Share
Tweet
Embed
Score 0/16 Timer 04:00
4 Plays Today
Hint Name % Correct
Celebrity chef and star of 'Hell's Kitchen'Gordon Ramsay
77.2%
Michael Douglas won an Oscar for his portrayal of this antagonist from 'Wall Street'Gordon Gekko
67.6%
Prime Minister of the UK, 2007-10Gordon Brown
66.8%
The movie about this 1934 comics superhero has an entire soundtrack done by QueenFlash Gordon
59.8%
NASCAR driver and 4-time Sprint Cup Series championJeff Gordon
52.2%
This fictional man headed the Gotham Police DepartmentCommissioner Jim Gordon
48.3%
Canadian singer-songwriter whose hits include 'Sundown' & 'The Wreck of the Edmund Fitzgerald'Gordon Lightfoot
44.8%
This former '3rd Rock From the Sun' star earned a Golden Globe nomination for '50/50'Joseph Gordon-Levitt
44.5%
Hint Name % Correct
Convicted Watergate burglar who was pardoned by Jimmy Carter in 1977G. Gordon Liddy
29.1%
Singer-songwriter and actor who uses the pseudonym StingGordon Sumner
28.9%
Former MLB closer and object of infatuation for the young protagonist of Stephen King's 1999 novelTom Gordon
24.7%
Oscar-winning actress who played Minnie Castevet in 'Rosemary's Baby'Ruth Gordon
19.5%
He played Arthur Carlson on 'WKRP in Cincinnati'Gordon Jump
15.1%
Retired goalkeeper for the England national team that won the 1966 World CupGordon Banks
14.4%
The main protagonist in the 'Half-Life' video game seriesGordon Freeman
8.2%
NASA astronaut who orbited the earth in 1963 as part of Project MercuryGordon Cooper
7.2%

You're not logged in!

Compare scores with friends on all Sporcle quizzes.
Sign Up with Email
OR
Log In

You Might Also Like...

Show Comments

Extras

Top Quizzes Today


Score Distribution

Your Account Isn't Verified!

In order to create a playlist on Sporcle, you need to verify the email address you used during registration. Go to your Sporcle Settings to finish the process.